Legal report (Record no. 12652)
[ view plain ]
| 000 -LEADER | |
|---|---|
| fixed length control field | 01137cab a2200229 4500 |
| 001 - CONTROL NUMBER | |
| control field | ABS39796 |
| 008 - FIXED-LENGTH DATA ELEMENTS--GENERAL INFORMATION | |
| fixed length control field | 090401t1988 xxu||||| |||| 00| 0 eng d |
| 035 ## - SYSTEM CONTROL NUMBER | |
| System control number | (Sirsi) u19011 |
| 041 ## - LANGUAGE CODE | |
| Language code of text/sound track or separate title | eng |
| 100 ## - MAIN ENTRY--PERSONAL NAME | |
| Personal name | Parkin, R. |
| 245 ## - TITLE STATEMENT | |
| Title | Legal report |
| 260 ## - PUBLICATION, DISTRIBUTION, ETC. | |
| Date of publication, distribution, etc. | 1988 |
| 350 ## - PRICE (NR) (BK AM CF MU VM SE) [OBSOLETE] | |
| Price | 0 |
| 490 ## - SERIES STATEMENT | |
| Series statement | Architects` Journal |
| Volume/sequential designation | 188(40) 5 October 1988, 85(2) |
| 520 ## - SUMMARY, ETC. | |
| Summary, etc. | Discusses the decision in D & F Estates Ltd v The Church Commissioners and Others, HL 14 July 1988, see Abstract 39482. Concentrates on the implications for architects . A dispute arose after the discovery that plaster work in a flat proved to be defect ive. The flat owners sued the main contractor; the plastering was carried out by an independent subcontractor. It was held that the main contractor did not owe a duty of care to future occupiers of the flat to supervise the work of independent subcontractors. The cost of repairing the plaster was economic loss and consequently the builder was not liable in negligence . |
| 650 ## - SUBJECT ADDED ENTRY--TOPICAL TERM | |
| Topical term or geographic name entry element | DAMAGES |
| 650 ## - SUBJECT ADDED ENTRY--TOPICAL TERM | |
| Topical term or geographic name entry element | LIABILITY |
| 690 ## - LOCAL SUBJECT ADDED ENTRY--TOPICAL TERM (OCLC, RLIN) | |
| Topical term or geographic name as entry element | BUILT ENVIRONMENT |
| 700 ## - ADDED ENTRY--PERSONAL NAME | |
| Personal name | Roe, M. |
| 942 ## - ADDED ENTRY ELEMENTS (KOHA) | |
| Suppress in OPAC | 0 |
| 948 ## - LOCAL PROCESSING INFORMATION (OCLC); SERIES PART DESIGNATOR (RLIN) | |
| c (OCLC) | 04/03/1997 |
| Withdrawn status | Lost status | Source of classification or shelving scheme | Damaged status | Not for loan | Home library | Current library | Shelving location | Date acquired | Total Checkouts | Full call number | Barcode | Date last seen | Copy number | Price effective from | Koha item type |
|---|---|---|---|---|---|---|---|---|---|---|---|---|---|---|---|
| Dewey Decimal Classification | London | London | Journal article | 14/09/1999 | ABS39796 | 19011-1001 | 06/08/2019 | 1 | 06/08/2019 | Journal article |